what are the 6 city's in wales - Statistics

General Stats
  • This quiz has been taken 33 times
  • The average score is 5 of 6
Answer Stats
Hint Answer % Correct
capital cardiff
100%
west glamorgan swansea
100%
Gwynedd bangor
82%
gwent newport
75%
pembrokeshire st.davids and the cathedral close
68%
denbighshire st.asaph
50%
No matching quizzes found
Score Distribution
Percent of People with Each Score
Percentile by Number Answered
Your Score History
You have not taken this quiz